| 000 | 00742nam a2200289Ia 4500 | ||
|---|---|---|---|
| 001 | 8091 | ||
| 005 | 20240113234049.0 | ||
| 007 | ta | ||
| 008 | 050716s1999 a g b000 u eng u | ||
| 020 | _a0-7167-2829-X | ||
| 040 | _aCotton College,Assam | ||
| 041 | _aeng | ||
| 082 |
_a591.5 _bRi 42 Ec |
||
| 100 | _aRicklefs, R.E. . | ||
| 245 | 0 |
_aEcology / _cR.E. Ricklefs, G.L. Miller. _hTextual Documents |
|
| 250 | _a4th ed. / | ||
| 260 |
_aNew York : _bW.H. Freeman & Co , _c1999. |
||
| 300 |
_axxxvii, 822p. : _bill ; _c28cm . |
||
| 504 | _aIndex | ||
| 653 | _aZoology-Ecology | ||
| 653 | _aEcology | ||
| 653 | _aPG-Zoology | ||
| 700 | _aMiller, G.L. . | ||
| 942 |
_2ddc _cBK |
||
| 999 |
_c8078 _d8078 |
||